Loading...
| History - European | 0 | 13 | 2 | 0 | 120 | 22 | 48.08 | 2 | 11 | 37.77 | 45.68 |
| Fine Arts - Classical Music | 0 | 5 | 0 | 1 | 50 | 89 | 103.80 | 0 | 0 | 5.96 | 17.14 |
| History - World | 0 | 5 | 0 | 0 | 50 | 15 | 51.40 | 0 | 4 | 25.89 | 29.82 |
| Social Science | 0 | 4 | 0 | 1 | 40 | 35 | 84.00 | 1 | 1 | 11.48 | 25.00 |
| History - Other | 0 | 5 | 2 | 3 | 40 | 86 | 105.60 | 0 | 1 | 2.52 | 7.50 |
| Mythology | 0 | 4 | 0 | 0 | 40 | 50 | 93.50 | 0 | 1 | 7.73 | 15.00 |
| Literature - British | 0 | 3 | 0 | 0 | 30 | 33 | 75.67 | 1 | 1 | 7.22 | 11.67 |
| Fine Arts - Other | 0 | 3 | 0 | 1 | 30 | 74 | 93.33 | 1 | 2 | 5.09 | 16.25 |
| Philosophy | 0 | 2 | 0 | 1 | 20 | 103 | 104.00 | 0 | 0 | 0.35 | 6.92 |
| Science - Biology | 0 | 2 | 0 | 0 | 20 | 53 | 63.00 | 1 | 2 | 8.27 | 17.50 |
| Geography | 0 | 2 | 0 | 0 | 20 | 56 | 60.50 | 1 | 1 | 18.89 | 30.00 |
| Fine Arts - Painting and Sculpture | 0 | 2 | 0 | 1 | 20 | 98 | 105.00 | 0 | 1 | 0.89 | 6.25 |
| History - American | 0 | 1 | 0 | 0 | 10 | 64 | 64.00 | 0 | 1 | 41.82 | 75.00 |
| Science - Chemistry | 0 | 1 | 0 | 0 | 10 | 88 | 88.00 | 0 | 0 | 1.78 | 5.00 |
| Literature - European | 0 | 1 | 0 | 0 | 10 | 119 | 119.00 | 0 | 0 | 0.40 | 1.25 |
| Religion | 0 | 1 | 0 | 1 | 10 | 99 | 99.00 | 0 | 0 | 0.00 | 1.25 |
| Current Events | 0 | 1 | 1 | 1 | 5 | 86 | 86.00 | 0 | 0 | 3.71 | 6.25 |